<?xml version="1.0" encoding="UTF-8"?>
<record
    xmlns:xsi="http://www.w3.org/2001/XMLSchema-instance"
    xsi:schemaLocation="http://www.loc.gov/MARC21/slim http://www.loc.gov/standards/marcxml/schema/MARC21slim.xsd"
    xmlns="http://www.loc.gov/MARC21/slim">

  <leader>01168nam a2200217Ia 4500</leader>
  <controlfield tag="003">Ost</controlfield>
  <controlfield tag="005">20260507075019.0</controlfield>
  <controlfield tag="008">260507s9999||||xx |||||||||||||| ||und||</controlfield>
  <datafield tag="040" ind1=" " ind2=" ">
    <subfield code="c">fsecg</subfield>
  </datafield>
  <datafield tag="041" ind1=" " ind2=" ">
    <subfield code="a">ara</subfield>
  </datafield>
  <datafield tag="082" ind1=" " ind2=" ">
    <subfield code="a">310</subfield>
  </datafield>
  <datafield tag="100" ind1=" " ind2=" ">
    <subfield code="a">&#x631;&#x634;&#x64A;&#x62F;&#x60C; &#x645;&#x62D;&#x645;&#x62F; &#x62D;&#x633;&#x64A;&#x646; &#x645;&#x62D;&#x645;&#x62F;</subfield>
    <subfield code="e">&#x645;&#x624;&#x644;&#x641;</subfield>
  </datafield>
  <datafield tag="245" ind1=" " ind2="0">
    <subfield code="a">&#x627;&#x644;&#x625;&#x62D;&#x635;&#x627;&#x621; :</subfield>
    <subfield code="b">&#x627;&#x644;&#x648;&#x635;&#x641;&#x64A; &#x648;&#x627;&#x644;&#x62A;&#x637;&#x628;&#x64A;&#x642; &#x627;&#x644;&#x62D;&#x64A;&#x648;&#x64A; /</subfield>
    <subfield code="c"> &#x645;&#x62D;&#x645;&#x62F; &#x62D;&#x633;&#x64A;&#x646; &#x645;&#x62D;&#x645;&#x62F; &#x631;&#x634;&#x64A;&#x62F;</subfield>
  </datafield>
  <datafield tag="260" ind1=" " ind2=" ">
    <subfield code="a">&#x639;&#x645;&#x627;&#x646;: </subfield>
    <subfield code="b">&#x62F;&#x627;&#x631; &#x635;&#x641;&#x627;&#x621; &#x644;&#x644;&#x646;&#x634;&#x631; &#x648;&#x627;&#x644;&#x62A;&#x648;&#x632;&#x64A;&#x639;, </subfield>
    <subfield code="c">2003</subfield>
  </datafield>
  <datafield tag="300" ind1=" " ind2=" ">
    <subfield code="a">334  &#x635;&#x641;&#x62D;&#x629;&#x61B; </subfield>
    <subfield code="c">24 &#x633;&#x645;</subfield>
  </datafield>
  <datafield tag="520" ind1=" " ind2=" ">
    <subfield code="a">&#x645;&#x642;&#x62F;&#x645;&#x629; &#x644;&#x62F;&#x631;&#x627;&#x633;&#x629; &#x627;&#x644;&#x625;&#x62D;&#x635;&#x627;&#x621;-&#x639;&#x631;&#x636; &#x627;&#x644;&#x628;&#x64A;&#x627;&#x646;&#x627;&#x62A; &#x627;&#x644;&#x625;&#x62D;&#x635;&#x627;&#x626;&#x64A;&#x629;&#x648;&#x627;&#x644;&#x62A;&#x648;&#x632;&#x64A;&#x639;&#x627;&#x62A; &#x627;&#x644;&#x62A;&#x643;&#x631;&#x627;&#x631;&#x64A;&#x629;-&#x645;&#x642;&#x627;&#x64A;&#x64A;&#x633; &#x627;&#x644;&#x646;&#x632;&#x639;&#x629; &#x627;&#x644;&#x645;&#x631;&#x643;&#x632;&#x64A;&#x629;-&#x645;&#x642;&#x627;&#x64A;&#x64A;&#x633; &#x627;&#x644;&#x62A;&#x634;&#x62A;&#x62A; &#x648;&#x627;&#x644;&#x639;&#x632;&#x648;&#x645; &#x648;&#x627;&#x644;&#x625;&#x644;&#x62A;&#x648;&#x627;&#x621; &#x648;&#x627;&#x644;&#x62A;&#x641;&#x631;&#x637;&#x62D;-&#x627;&#x644;&#x625;&#x631;&#x62A;&#x628;&#x627;&#x637; &#x648;&#x627;&#x644;&#x625;&#x646;&#x62D;&#x62F;&#x627;&#x631;-&#x627;&#x644;&#x625;&#x62D;&#x62A;&#x645;&#x627;&#x644;&#x627;&#x62A;-&#x627;&#x644;&#x62A;&#x648;&#x632;&#x64A;&#x639; &#x627;&#x644;&#x637;&#x628;&#x64A;&#x639;&#x64A;-&#x627;&#x644;&#x625;&#x631;&#x642;&#x627;&#x645; &#x627;&#x644;&#x642;&#x64A;&#x627;&#x633;&#x64A;&#x629;-&#x627;&#x644;&#x633;&#x644;&#x627;&#x633;&#x644; &#x627;&#x644;&#x632;&#x645;&#x646;&#x64A;&#x629;-&#x627;&#x644;&#x625;&#x62D;&#x635;&#x627;&#x621;&#x627;&#x62A; &#x627;&#x644;&#x62D;&#x64A;&#x648;&#x64A;&#x629; &#x648;&#x627;&#x644;&#x633;&#x643;&#x627;&#x646;&#x64A;&#x629;</subfield>
  </datafield>
  <datafield tag="653" ind1=" " ind2=" ">
    <subfield code="a">&#x627;&#x644;&#x625;&#x62D;&#x635;&#x627;&#x621; - &#x627;&#x644;&#x645;&#x639;&#x627;&#x645;&#x644;&#x627;&#x62A; &#x627;&#x644;&#x625;&#x631;&#x62A;&#x628;&#x627;&#x637;&#x64A;&#x629; </subfield>
  </datafield>
  <datafield tag="653" ind1=" " ind2=" ">
    <subfield code="a">&#x627;&#x644;&#x625;&#x62D;&#x635;&#x627;&#x621; &#x627;&#x644;&#x62A;&#x637;&#x628;&#x64A;&#x642;&#x64A;</subfield>
  </datafield>
  <datafield tag="653" ind1=" " ind2=" ">
    <subfield code="a">&#x627;&#x644;&#x625;&#x62D;&#x635;&#x627;&#x621; &#x627;&#x644;&#x648;&#x635;&#x641;&#x64A;</subfield>
  </datafield>
  <datafield tag="942" ind1=" " ind2=" ">
    <subfield code="c">&#x643;&#x62A;&#x627;&#x628;</subfield>
  </datafield>
  <datafield tag="952" ind1=" " ind2=" ">
    <subfield code="0">0</subfield>
    <subfield code="1">0</subfield>
    <subfield code="2">ddc</subfield>
    <subfield code="4">0</subfield>
    <subfield code="7">-1</subfield>
    <subfield code="a">fsecg</subfield>
    <subfield code="b">fsecg</subfield>
    <subfield code="d">2026-05-07</subfield>
    <subfield code="h">&#x627;&#x644;&#x637;&#x627;&#x628;&#x642; &#x627;&#x644;&#x623;&#x631;&#x636;&#x64A;</subfield>
    <subfield code="i">46235</subfield>
    <subfield code="l">0</subfield>
    <subfield code="o">&#x623;/08&#x646;1</subfield>
    <subfield code="p">46235</subfield>
    <subfield code="r">2026-05-07 07:50:19</subfield>
    <subfield code="w">2026-05-07</subfield>
    <subfield code="y">&#x643;&#x62A;&#x627;&#x628;</subfield>
  </datafield>
  <datafield tag="952" ind1=" " ind2=" ">
    <subfield code="0">0</subfield>
    <subfield code="1">0</subfield>
    <subfield code="2">ddc</subfield>
    <subfield code="4">0</subfield>
    <subfield code="7">0</subfield>
    <subfield code="a">fsecg</subfield>
    <subfield code="b">fsecg</subfield>
    <subfield code="d">2026-05-07</subfield>
    <subfield code="h">&#x627;&#x644;&#x637;&#x627;&#x628;&#x642; &#x627;&#x644;&#x623;&#x631;&#x636;&#x64A;</subfield>
    <subfield code="i">46236</subfield>
    <subfield code="l">0</subfield>
    <subfield code="o">&#x623;/08&#x646;2</subfield>
    <subfield code="p">46236</subfield>
    <subfield code="r">2026-05-07 07:50:19</subfield>
    <subfield code="w">2026-05-07</subfield>
    <subfield code="y">&#x643;&#x62A;&#x627;&#x628;</subfield>
  </datafield>
  <datafield tag="952" ind1=" " ind2=" ">
    <subfield code="0">0</subfield>
    <subfield code="1">0</subfield>
    <subfield code="2">ddc</subfield>
    <subfield code="4">0</subfield>
    <subfield code="7">0</subfield>
    <subfield code="a">fsecg</subfield>
    <subfield code="b">fsecg</subfield>
    <subfield code="d">2026-05-07</subfield>
    <subfield code="h">&#x627;&#x644;&#x637;&#x627;&#x628;&#x642; &#x627;&#x644;&#x623;&#x631;&#x636;&#x64A;</subfield>
    <subfield code="i">46237</subfield>
    <subfield code="l">0</subfield>
    <subfield code="o">&#x623;/08&#x646;3</subfield>
    <subfield code="p">46237</subfield>
    <subfield code="r">2026-05-07 07:50:19</subfield>
    <subfield code="w">2026-05-07</subfield>
    <subfield code="y">&#x643;&#x62A;&#x627;&#x628;</subfield>
  </datafield>
  <datafield tag="952" ind1=" " ind2=" ">
    <subfield code="0">0</subfield>
    <subfield code="1">0</subfield>
    <subfield code="2">ddc</subfield>
    <subfield code="4">0</subfield>
    <subfield code="7">0</subfield>
    <subfield code="a">fsecg</subfield>
    <subfield code="b">fsecg</subfield>
    <subfield code="d">2026-05-07</subfield>
    <subfield code="h">&#x627;&#x644;&#x637;&#x627;&#x628;&#x642; &#x627;&#x644;&#x623;&#x631;&#x636;&#x64A;</subfield>
    <subfield code="i">24995</subfield>
    <subfield code="l">0</subfield>
    <subfield code="o">&#x623;/08&#x646;5</subfield>
    <subfield code="p">24995</subfield>
    <subfield code="r">2026-05-07 07:50:19</subfield>
    <subfield code="w">2026-05-07</subfield>
    <subfield code="y">&#x643;&#x62A;&#x627;&#x628;</subfield>
  </datafield>
  <datafield tag="952" ind1=" " ind2=" ">
    <subfield code="0">0</subfield>
    <subfield code="1">0</subfield>
    <subfield code="2">ddc</subfield>
    <subfield code="4">0</subfield>
    <subfield code="7">0</subfield>
    <subfield code="a">fsecg</subfield>
    <subfield code="b">fsecg</subfield>
    <subfield code="d">2026-05-07</subfield>
    <subfield code="h">&#x627;&#x644;&#x637;&#x627;&#x628;&#x642; &#x627;&#x644;&#x62B;&#x627;&#x646;&#x64A;</subfield>
    <subfield code="i">24996</subfield>
    <subfield code="l">0</subfield>
    <subfield code="o">&#x623;/08&#x646;6</subfield>
    <subfield code="p">24996</subfield>
    <subfield code="r">2026-05-07 07:50:19</subfield>
    <subfield code="w">2026-05-07</subfield>
    <subfield code="y">&#x643;&#x62A;&#x627;&#x628;</subfield>
  </datafield>
  <datafield tag="952" ind1=" " ind2=" ">
    <subfield code="0">0</subfield>
    <subfield code="1">0</subfield>
    <subfield code="2">ddc</subfield>
    <subfield code="4">0</subfield>
    <subfield code="7">0</subfield>
    <subfield code="a">fsecg</subfield>
    <subfield code="b">fsecg</subfield>
    <subfield code="d">2026-05-07</subfield>
    <subfield code="h">&#x627;&#x644;&#x637;&#x627;&#x628;&#x642; &#x627;&#x644;&#x62B;&#x627;&#x646;&#x64A;</subfield>
    <subfield code="i">24997</subfield>
    <subfield code="l">0</subfield>
    <subfield code="o">&#x623;/08&#x646;7</subfield>
    <subfield code="p">24997</subfield>
    <subfield code="r">2026-05-07 07:50:19</subfield>
    <subfield code="w">2026-05-07</subfield>
    <subfield code="y">&#x643;&#x62A;&#x627;&#x628;</subfield>
  </datafield>
  <datafield tag="999" ind1=" " ind2=" ">
    <subfield code="c">42256</subfield>
    <subfield code="d">42256</subfield>
  </datafield>
</record>
